| 000 | 013450am a22003010004500 | ||
|---|---|---|---|
| 003 | EG-GiCUC | ||
| 008 | 070303s1994 su g 000 0 ara d | ||
| 017 |
_a0233 / 1994 _bالسعودية.مكتبة الملك فهد الوطنية |
||
| 020 | _a9960726037 | ||
| 040 |
_aEG-GiCUC _bara _cEG-GiCUC |
||
| 050 | 4 |
_aZ695.1.T74 _bF38 1994 |
|
| 092 | 0 | 4 |
_a025.4921 _bF285 1994 _221 |
| 099 |
_a04 _a025.4921 F285 1994 |
||
| 245 | 0 | 2 |
_aالفيصل : _bمكنز عربى شامل فى علوم الحضارة : قسم علوم الدين الاسلامى / _cتخطيط و إشراف زيد بن عبد المحسن الحسين ؛ تنفيذ محمد صابر مصطفى. |
| 250 | _aط.1. | ||
| 260 |
_aالرياض : _bمركز الملك فيصل للبحوث و الدراسات الاسلامية: _c1994. |
||
| 300 |
_a2 مج. ؛ _c29 .سم |
||
| 505 | 0 | _aمج. 1عرض هجائى -مج. 2 عرض هرمي وعرض تباديلي | |
| 650 | 7 |
_aالاسلام _vكشافات. _2qrmak |
|
| 650 | 7 |
_aالمكانز. _2qrmak |
|
| 650 | 7 |
_aرؤوس الموضوعات. _2qrmak |
|
| 700 | 1 | _aالحسين: زيد عبد المحسن. | |
| 710 | 2 | _aمركز الملك فيصل للبحوث و الدراسات الاسلامية. | |
| 902 | _a1 | ||
| 905 |
_aبلتاجى _eمراجع |
||
| 905 |
_aجمال _eمدخل |
||
| 942 |
_2ddc _cREF |
||
| 999 |
_c92821 _d92821 |
||